00541nam a22001817a 450000500170000001000150001702000260003203500130005803700130007108200120008410000310009624500620012725000110018926000390020027000440023930000260028350000500030920141028105738.0 aENG-111059 c175.00a9789383420315 aEN-94591 bDBAD/PUB a514.325 aMukherjee, Manabendra Nath aElements of metric spaces /cby Manabendra Nath Mukherjee a4th ed aKolkatabAcademic Publishersc2014 bKolkatae700073a5A, Bhawani Dutta Lane aviii,220p.c24cm(pbk) aIncludes bibliographical references and index